Thrash Metal Bands By Song - Statistics

General Stats
  • This quiz has been taken 29 times
  • The average score is 7 of 11
Answer Stats
Hint Answer % Correct
Master of Puppets Metallica
100%
Peace Sells Megadeth
89%
Seasons in the Abyss Slayer
85%
Madhouse Anthrax
81%
The Toxic Waltz Exodus
59%
Krushers of the World Kreator
52%
Allison Hell Annihilator
48%
Down for Life Testament
44%
Critical Mass Nuclear Assault
41%
Mean, Green, Killing Machine Overkill
41%
The Art of Partying Municipal Waste
30%
No matching quizzes found
Score Distribution
Percent of People with Each Score
Percentile by Number Answered
Your Score History
You have not taken this quiz